00759nam a2200169 a 450000100100000000500170001000800410002704000250006824500680009326000390016130000270020004900090022795201200023695201050035695201110046199900170057200003029120200930060214.0110509s1989 dr 000 0 spa d aDO-SdBNPbspacBNPHU00aGuía shell para el almacenaje seguro de productos químicos. aSanto Domingo :bEditorama,c1989. a37 p. :bil. ;c30 cm. aBNPD 001154708DSaGRbGRcMId2011-07-07iLF1l0o p30291-30r2020-06-25te. 3w2020-06-25yLFDSZPréstamo en sala 0010718PDaPDbPDcCTd2011-05-09iLF1l0o p30291-10r2020-06-25w2020-06-25yLFPDZNo se presta 0010718PDaPDbPDcCTd2011-07-07iLF1l0o p30291-20r2020-06-25te. 2w2020-06-25yLFPDZNo se presta c29783d29783